| 000 | 01297nam a22002535a 4500 | ||
|---|---|---|---|
| 999 |
_c27099 _d27071 |
||
| 003 | EG-ScBUE | ||
| 005 | 20190210113733.0 | ||
| 008 | 190210s2011 ua fre 000 0 ara d | ||
| 040 |
_aEG-ScBUE _bara _cEG-ScBUE _dEG-ScBUE |
||
| 043 | _af-ua--- | ||
| 082 | 0 | 4 |
_a344.6204632 _bهـ ل ا _222 |
| 100 | 1 | _aهلال، أشرف. | |
| 245 | 1 | 2 |
_aالموسوعة الجنائية البيئية من الناحيتين الموضوعية و الإجرائية : _bمعلقا عليها بأحدث أحكام المحاكم الجنائية و الإدارية و محكمتي النقض و الدستورية العليا / _cتأليف أشرف هلال ؛ تقديم محمد عبد العزيز الجندي. |
| 260 |
_a[القاهرة] : _bنادي القضاة، _c2011. |
||
| 300 |
_a811 ص. ؛ _c24 سم. |
||
| 504 | _aيشتمل على إرجاعات ببليوجرافية. | ||
| 541 |
_aد. أحمد حمد ؛ _cإهداء ؛ |
||
| 650 | 7 |
_aحماية البيئة _xقوانين وتشريعات _zمصر _vدوائر معارف. _2BUEsh |
|
| 650 | 7 |
_aتلوث البيئة _xقوانين وتشريعات _zمصر _vدوائر معارف. _2BUEsh |
|
| 651 | _2BUEsh | ||
| 653 |
_bLLAAWW _cFebruary2019 |
||
| 700 | 1 |
_aجندي، محمد عبد العزيز، _eمقدم. |
|
| 942 | _2ddc | ||